书目信息 |
| 题名: |
建筑构成系列图集·铁艺
|
|
| 作者: | 张辉 主编 | |
| 分册: | ||
| 出版信息: | 北京 中国建筑工业出版社 2001.2 |
|
| 页数: | 262页 | |
| 开本: | 18*26cm | |
| 丛书名: | ||
| 单 册: | ||
| 中图分类: | TU22-64 | |
| 科图分类: | ||
| 主题词: | 建筑构造--结构设计 | |
| 电子资源: | ||
| ISBN: | 7-112-04405-7 | |
| 000 | 00580nam0 2200193 45 | |
| 001 | 0255196256 | |
| 005 | 2002041515195625 | |
| 010 | @a7-112-04405-7@dRMB 42.00 | |
| 100 | @a20020415d2001 km y0chiy0120 ea | |
| 101 | 0 | @achi |
| 102 | @aCN@b110000 | |
| 200 | 1 | @a建筑构成系列图集·铁艺@Ajian zhu gou cheng xi lie tu ji·tie yi@f张辉主编@FZhang Hui Zhu Bian |
| 210 | @a北京@c中国建筑工业出版社@d2001.2 | |
| 215 | @a262页@d18*26cm | |
| 606 | 0 | @a建筑构造@x结构设计 |
| 690 | @aTU22-64@v3 | |
| 701 | 0 | @a张辉@AZhang Hui@4主编 |
| 801 | 0 | @aCN@bPFT@c20020415 |
| 905 | @a10447@dTU22-64@eZ113 | |
| 建筑构成系列图集·铁艺/张辉主编.-北京:中国建筑工业出版社,2001.2 |
| 262页;18*26cm |
| ISBN 7-112-04405-7:RMB 42.00 |
| ● |
| 相关链接 |
|
|
|
正题名:建筑构成系列图集·铁艺
索取号:TU22-64/Z113
 
预约/预借
| 序号 | 登录号 | 条形码 | 馆藏地/架位号 | 状态 | 备注 |
| 1 | 356159 | 203561591 | 建筑库101/101建筑库 47排2列3层/ [索取号:TU22-64/Z113] | 在馆 | |
| 2 | 356160 | 203561608 | 建筑库101/101建筑库 47排2列3层/ [索取号:TU22-64/Z113] | 在馆 |